000
00294nam a22001337a 4500
008
170712b xxu||||| |||| 00| 0 eng d
020
_a
0442318146
041
_a
eng
080
_2
7TH
_a
030
100
_a
23
101
_a
enc
245
_a
SCIENTIFIC ENCYCLOPEDIA
_c
CONSIDINE
942
_2
udc
_c
BK
999
_c
20265
_d
20265